00822nam a2200265Ia 450000500170000000800410001724500250005825000190008330000420010249000170014465000290016165000320019065000360022265000330025865000350029165000370032694200150036326400290037833600270040733700330043433800280046704000350049508400110053099900150054120220317001248.0160825s1995 ck a g 000 0 spa 13aEl libro de la selva a1a. edición  a16 páginas bilustraciones c21 cm  aTus sueños142LEMBaCuentos juveniles 142LEMBaLiteratura juveniles 142LEMBaAnimales en la literatura142LEMBaSelva en la literatura142LEMBaNiños en la literatura142LEMBaAventuras en la literatura 2loccBKLIT aMedellínbEdiluxc1995 atextobtxt2rdacontent asin mediaciónbn2rdamedia avolumenbnc2rdacarrier aCO-BoRNBPbspaerdacCO-BoRNBP aC LIB4 c6426d6426